Introduction to internal combustion engines / (Record no. 18544)

MARC details
000 -LEADER
fixed length control field 00904pam a2200277 a 4500
001 - CONTROL NUMBER
control field 016072230
003 - CONTROL NUMBER IDENTIFIER
control field OSt
005 - DATE AND TIME OF LATEST TRANSACTION
control field 20201128021116.0
008 - FIXED-LENGTH DATA ELEMENTS--GENERAL INFORMATION
fixed length control field 120418s2012 xxka frb 001 0 eng d
020 ## - INTERNATIONAL STANDARD BOOK NUMBER
International Standard Book Number 9780230576636 (hbk.)
020 ## - INTERNATIONAL STANDARD BOOK NUMBER
International Standard Book Number 023057663X (hbk.)
040 ## - CATALOGING SOURCE
Original cataloging agency StDuBDS
Language of cataloging eng
Transcribing agency StDuBDS
Modifying agency Uk
-- EG-ScBUE
082 00 - DEWEY DECIMAL CLASSIFICATION NUMBER
Classification number 621.43
Edition number 22
Item number STO
100 1# - MAIN ENTRY--PERSONAL NAME
Personal name Stone, Richard,
Dates associated with a name 1955-
9 (RLIN) 22556
245 10 - TITLE STATEMENT
Title Introduction to internal combustion engines /
Statement of responsibility, etc Richard Stone.
250 ## - EDITION STATEMENT
Edition statement 4th ed.
260 ## - PUBLICATION, DISTRIBUTION, ETC. (IMPRINT)
Place of publication, distribution, etc Houndmills, United kingdom ;
-- New York, United States :
Name of publisher, distributor, etc Palgrave Macmillan,
Date of publication, distribution, etc 2012.
300 ## - PHYSICAL DESCRIPTION
Extent xix, 494 p. :
Other physical details ill. ;
Dimensions 29 cm.
500 ## - GENERAL NOTE
General note Index : p. 489-494.
500 ## - GENERAL NOTE
General note Includes appendixes.
504 ## - BIBLIOGRAPHY, ETC. NOTE
Bibliography, etc Includes bibliographical reference.
650 #0 - SUBJECT ADDED ENTRY--TOPICAL TERM
Topical term or geographic name as entry element Internal combustion engines
9 (RLIN) 2696
653 ## - INDEX TERM--UNCONTROLLED
Resource For college Engineering, Mechanical
Arrived date list November2014
655 ## - INDEX TERM--GENRE/FORM
Form subdivision
-- 34232
942 ## - ADDED ENTRY ELEMENTS (KOHA)
Source of classification or shelving scheme Dewey Decimal Classification
Call number prefix 621.43 STO
Holdings
Withdrawn status Item status Source of classification or shelving scheme Damaged status Not for loan Vendor Home library Current library Shelving location Date acquired Source of acquisition Cost, normal purchase price Total Checkouts Total Renewals Full call number Barcode Date last seen Date last borrowed Cost, replacement price Koha item type
    Dewey Decimal Classification     Baccah Central Library Central Library First floor 04/11/2014   480.00 3 38 621.43 STO 000036938 15/07/2025 29/09/2016 600.00 Book - Borrowing